000 00827nam a2200205Ii 4500
003 JO-AjNU
008 230605s9999||||xx |||||||||||||| ||und||
040 _aJO-AjNU
_bara
_erda
_cJO-AjNU
041 _aara
050 1 4 _aHF5686.A36.K42 2009
100 3 _aالخطيب، خالد راغب,
_eauthor
_928716
245 0 0 _aالمحاسبة في المنشأت والمؤسسات الزراعية: دراسة محاسبية واقتصادية
250 _aط1
264 3 1 _aعمان: دار البداية ناشرون وموزعون، 2009
300 _a271ص
_bيحتوي على ببلوغرافية من ص 269-271ص
336 _atext
_btxt
_2rdacontent
337 _aunmediated
_bn
_2rdamedia
338 _avolume
_bnc
_2rdacarrier
650 4 _aالمحاسبة - منشأت خاصة - مؤسسات زراعية
_928717
999 _aA11172
_c14740
_d14740